000 00648nam a2200205Ia 4500
005 20250508161642.0
008 008 250505s9999 xx 000 0 eng d
037 _aTextual
040 _aFEDL
_beng
_cFEDL
041 _aeng
_2eng
084 _a510, PHI
_qFEDL
100 _aSanders Walter J.and others
_9771196
245 0 _aDeveloping mathematics: Five
260 _aLondon, UK
_bThe Macmillan Company
_c1971
300 _a406p.
490 _aThe Macmillan school mathematics program
546 _aJt. Author: Tina Thoburn, Jo McKeeby Phillips, J. Franklin Fitzgerald
942 _cTEXL
_h510, PHI
999 _c1371346
_d1371346